[Event "Unterfranken-ch M2 63th"]
[Site "Schweinfurt"]
[Date "2012.04.12"]
[Round "6"]
[White "Link, Klaus"]
[Black "Staat, Christoph"]
[Result "1-0"]
[WhiteElo "1892"]
[BlackElo "1762"]
[PlyCount "41"]
[EventDate "2012.04.09"]
[EventType "swiss"]
[EventRounds "9"]
[EventCountry "GER"]
[SourceTitle "EXT 2015"]
[Source "ChessBase"]
[SourceDate "2014.11.20"]
[SourceVersion "1"]
[SourceVersionDate "2014.11.20"]
[SourceQuality "1"]

1. e4 e5 2. Nf3 Nc6 3. Bb5 a6 4. Bxc6 dxc6 5. 0-0 f6 6. d4 Bg4 7. dxe5 Qxd1 8. Rxd1 Bxf3 9. gxf3 fxe5 10. Be3 Bd6 11. Nd2 Ne7 12. Nc4 Rd8 13. Rd3 Ng6 14. Rad1 Rf8 15. Bg5 Rd7 16. Nxd6+ Rxd6 17. Rxd6 cxd6 18. Rxd6 h6 19. Rxg6 Kf7 20. Rd6 hxg5 21. Rd7+ 1-0

[Event "Unterfranken-ch M2 61th"]
[Site "Kitzingen"]
[Date "2010.04.09"]
[Round "8"]
[White "Staat, Christoph"]
[Black "Bauer, Ottmar"]
[Result "0-1"]
[WhiteElo "1734"]
[BlackElo "1883"]
[PlyCount "56"]
[EventDate "2010.04.05"]
[EventType "swiss"]
[EventRounds "9"]
[EventCountry "GER"]
[SourceTitle "EXT 2015"]
[Source "ChessBase"]
[SourceDate "2014.11.20"]
[SourceVersion "1"]
[SourceVersionDate "2014.11.20"]
[SourceQuality "1"]

1. e4 c6 2. d4 d5 3. e5 Bf5 4. h4 h5 5. Nc3 e6 6. Bd3 Bxd3 7. Qxd3 Qb6 8. Bg5 c5 9. Nge2 Nc6 10. 0-0 cxd4 11. Na4 Qb4 12. b3 Nxe5 13. Qxd4 Qxd4 14. Nxd4 Be7 15. Bxe7 Nxe7 16. Rac1 0-0 17. Rfd1 N5c6 18. Nf3 Rac8 19. c3 Nf5 20. Nb2 Nd6 21. g3 Na5 22. Nd4 Rfe8 23. f3 Re7 24. Rd3 Rec7 25. Nd1 Nc6 26. Nxc6 Rxc6 27. Re3 b5 28. Kf2 Kf8 0-1

[Event "Schweinfurt op"]
[Site "Schweinfurt"]
[Date "2007.05.19"]
[Round "4"]
[White "Schmid, Manfred"]
[Black "Staat, Christoph"]
[Result "0-1"]
[WhiteElo "1493"]
[BlackElo "1628"]
[PlyCount "64"]
[EventDate "2007.05.17"]
[EventType "swiss"]
[EventRounds "7"]
[EventCountry "GER"]
[SourceTitle "CBM 118 Extra"]
[Source "ChessBase"]
[SourceDate "2007.07.04"]
[SourceVersion "1"]
[SourceVersionDate "2007.07.04"]
[SourceQuality "1"]

1. d4 d5 2. c4 e6 3. Nc3 Nf6 4. Nf3 Nbd7 5. Bf4 dxc4 6. Ne5 Bd6 7. e3 Nb6 8. Bg3 0-0 9. Nxc4 Bxg3 10. hxg3 Bd7 11. Ne5 Rc8 12. Bd3 c5 13. Ng4 g6 14. Ne4 Nxe4 15. Bxe4 cxd4 16. Qxd4 f6 17. Rd1 e5 18. Nh6+ Kg7 19. Qb4 Rc4 20. Qd2 Rxe4 21. b3 Qe7 22. f3 Rb4 23. Kf2 Rb5 24. f4 Rd5 25. Qe2 Rxd1 26. Qxd1 Rd8 27. f5 Bb5 28. Qc1 Qd7 29. fxg6 Qd2+ 30. Qxd2 Rxd2+ 31. Kf3 hxg6 32. Ng4 Be2+ 0-1

[Event "Schweinfurt op"]
[Site "Schweinfurt"]
[Date "2007.05.19"]
[Round "5"]
[White "Staat, Christoph"]
[Black "Patzer, Joachim"]
[Result "1-0"]
[WhiteElo "1628"]
[BlackElo "1987"]
[PlyCount "81"]
[EventDate "2007.05.17"]
[EventType "swiss"]
[EventRounds "7"]
[EventCountry "GER"]
[SourceTitle "CBM 118 Extra"]
[Source "ChessBase"]
[SourceDate "2007.07.04"]
[SourceVersion "1"]
[SourceVersionDate "2007.07.04"]
[SourceQuality "1"]

1. e4 c5 2. Nf3 a6 3. d4 cxd4 4. Nxd4 e5 5. Nb3 Nf6 6. Bd3 d5 7. exd5 Qxd5 8. 0-0 Be7 9. Nc3 Qd8 10. Be3 Nbd7 11. Qf3 Rb8 12. Rad1 b5 13. Ne4 Qc7 14. Nbd2 0-0 15. h3 Nxe4 16. Bxe4 Nf6 17. Bd3 Bb7 18. Ne4 Nd5 19. Qe2 f5 20. Nc3 Nxc3 21. bxc3 e4 22. Bxb5 axb5 23. Qxb5 Ba8 24. Qe2 Qxc3 25. Rd7 Bf6 26. Rfd1 Rbc8 27. R1d2 Qa1+ 28. Kh2 Qe5+ 29. g3 Qa5 30. c4 Bc6 31. Ra7 Qc3 32. Bb6 Bg5 33. Rd6 f4 34. Bd4 fxg3+ 35. fxg3 Qxd4 36. Rxd4 e3 37. Rf4 Rxf4 38. gxf4 Bxf4+ 39. Kg1 Rd8 40. Qg4 e2 41. Qxg7# 1-0

[Event "Schweinfurt op"]
[Site "Schweinfurt"]
[Date "2007.05.17"]
[Round "2"]
[White "Braszus, Benedikt"]
[Black "Staat, Christoph"]
[Result "0-1"]
[WhiteElo "1072"]
[BlackElo "1628"]
[PlyCount "60"]
[EventDate "2007.05.17"]
[EventType "swiss"]
[EventRounds "7"]
[EventCountry "GER"]
[SourceTitle "CBM 118 Extra"]
[Source "ChessBase"]
[SourceDate "2007.07.04"]
[SourceVersion "1"]
[SourceVersionDate "2007.07.04"]
[SourceQuality "1"]

1. e4 e5 2. Nf3 Nc6 3. Bc4 Bc5 4. Nc3 Nf6 5. d3 0-0 6. Bg5 h6 7. Bh4 Bb4 8. 0-0 Bxc3 9. bxc3 d6 10. d4 Bg4 11. Qe2 exd4 12. Qd3 Bxf3 13. Qxf3 Ne5 14. Qe2 dxc3 15. Bb3 Re8 16. f3 Ng6 17. Be1 d5 18. Bxc3 d4 19. Rad1 c5 20. Qc4 Qe7 21. Bb2 Ne5 22. Qe2 a6 23. f4 Nc6 24. e5 Nd7 25. Rf3 b5 26. c3 c4 27. Bc2 d3 28. Bxd3 cxd3 29. Rdxd3 Rad8 30. Rd6 Qxd6 0-1

[Event "Unterfranken-ch HB 58th"]
[Site "Wuerzburg"]
[Date "2007.04.11"]
[Round "4"]
[White "Staat, Christoph"]
[Black "Walk, Chris"]
[Result "1-0"]
[WhiteElo "1671"]
[BlackElo "1473"]
[PlyCount "120"]
[EventDate "2007.04.09"]
[EventType "swiss"]
[EventRounds "9"]
[EventCountry "GER"]
[SourceTitle "EXT 2015"]
[Source "ChessBase"]
[SourceDate "2014.11.20"]
[SourceVersion "1"]
[SourceVersionDate "2014.11.20"]
[SourceQuality "1"]

1. e4 d5 2. exd5 Qxd5 3. Nc3 Qd6 4. Bc4 Nf6 5. d3 e6 6. Nf3 Be7 7. 0-0 0-0 8. Nb5 Qd8 9. Bf4 Bd6 10. Qd2 a6 11. Nxd6 cxd6 12. d4 b5 13. Bd3 Bb7 14. Qe2 Qb6 15. c3 Nbd7 16. Ng5 Qc6 17. f3 h6 18. Ne4 d5 19. Nxf6+ Nxf6 20. Qe5 Nh7 21. Qh5 f5 22. Be5 Qe8 23. Qxe8 Rfxe8 24. Rfe1 Nf8 25. Re3 Nd7 26. Bd6 Kf7 27. Rae1 Rac8 28. a3 Nb6 29. R3e2 g6 30. g4 Rc6 31. Bf4 fxg4 32. fxg4 g5 33. Be5 Nc4 34. Rf1+ Kg8 35. Rf6 Nxe5 36. Rxe5 Rf8 37. Rg6+ Kf7 38. Rxh6 Rg8 39. Rh7+ Rg7 40. Rxg7+ Kxg7 41. Rxg5+ Kh8 42. h4 Bc8 43. h5 Rc7 44. h6 Rf7 45. h7 Rf8 46. Kg2 Bd7 47. Rg6 a5 48. g5 Kxh7 49. Rxe6+ Kg7 50. Re7+ Rf7 51. Rxf7+ Kxf7 52. Kg3 Ke6 53. Kf4 Be8 54. Bf5+ Kd6 55. g6 Kc6 56. g7 Bf7 57. Ke5 b4 58. Be6 Bxe6 59. Kxe6 bxc3 60. bxc3 Kb5 1-0

[Event "Unterfranken-ch HA 57th"]
[Site "Prichsenstadt"]
[Date "2006.04.21"]
[Round "7"]
[White "Feichtner, Kai Stephan"]
[Black "Staat, Christoph"]
[Result "1/2-1/2"]
[WhiteElo "1618"]
[BlackElo "1551"]
[PlyCount "39"]
[EventDate "2006.04.17"]
[EventType "swiss"]
[EventRounds "9"]
[EventCountry "GER"]
[SourceTitle "EXT 2015"]
[Source "ChessBase"]
[SourceDate "2014.11.20"]
[SourceVersion "1"]
[SourceVersionDate "2014.11.20"]
[SourceQuality "1"]

1. e4 e5 2. Nf3 Nc6 3. d4 exd4 4. Bc4 Bc5 5. c3 dxc3 6. Bxf7+ Kf8 7. Bxg8 Rxg8 8. Nxc3 d6 9. Ng5 Rh8 10. Nd5 Ne5 11. Qh5 Bg4 12. Qh4 h6 13. f3 Kg8 14. fxg4 hxg5 15. Qg3 Rh4 16. h3 c6 17. Nc3 Qe7 18. Rf1 Rf8 19. Rxf8+ Kxf8 20. Bd2 1/2-1/2

[Event "Unterfranken-ch HA 57th"]
[Site "Prichsenstadt"]
[Date "2006.04.20"]
[Round "6"]
[White "Staat, Christoph"]
[Black "Drescher, Frank"]
[Result "0-1"]
[WhiteElo "1551"]
[BlackElo "1854"]
[PlyCount "86"]
[EventDate "2006.04.17"]
[EventType "swiss"]
[EventRounds "9"]
[EventCountry "GER"]
[SourceTitle "EXT 2015"]
[Source "ChessBase"]
[SourceDate "2014.11.20"]
[SourceVersion "1"]
[SourceVersionDate "2014.11.20"]
[SourceQuality "1"]

1. e4 c5 2. Nf3 d6 3. d4 cxd4 4. Nxd4 Nf6 5. Nc3 g6 6. Bc4 Bg7 7. 0-0 0-0 8. Be3 Nc6 9. Rb1 Na5 10. Bd3 Bd7 11. f4 Ng4 12. Qe2 Nxe3 13. Qxe3 Qb6 14. Nce2 e5 15. fxe5 dxe5 16. Nf5 gxf5 17. Qxb6 axb6 18. exf5 f6 19. Nc3 Nc6 20. Be4 Be8 21. a3 Bf7 22. Nd5 Rfd8 23. Rbd1 Nd4 24. Ne3 Rab8 25. c3 Nc6 26. Nd5 b5 27. Kf2 Na5 28. Nb6 Nc4 29. Nxc4 Bxc4 30. Rfe1 Bf8 31. Bc2 Be7 32. Ke3 Rxd1 33. Rxd1 Rd8 34. Rxd8+ Bxd8 35. a4 bxa4 36. Bxa4 Bd5 37. Kf2 Bb6+ 38. Kg3 Kf7 39. b3 Ke7 40. Kh3 e4 41. c4 Bc6 42. Bxc6 bxc6 43. Kg3 Kd6 0-1

[Event "Unterfranken-ch HA 57th"]
[Site "Prichsenstadt"]
[Date "2006.04.20"]
[Round "5"]
[White "Staat, Christoph"]
[Black "Liebler, Kim Kristin"]
[Result "1-0"]
[WhiteElo "1551"]
[BlackElo "1319"]
[PlyCount "45"]
[EventDate "2006.04.17"]
[EventType "swiss"]
[EventRounds "9"]
[EventCountry "GER"]
[SourceTitle "EXT 2015"]
[Source "ChessBase"]
[SourceDate "2014.11.20"]
[SourceVersion "1"]
[SourceVersionDate "2014.11.20"]
[SourceQuality "1"]

1. e4 e5 2. Nf3 Nc6 3. Bb5 a6 4. Ba4 f6 5. 0-0 Nge7 6. d4 exd4 7. Nxd4 Nxd4 8. Qxd4 Nc6 9. Bxc6 bxc6 10. Nc3 Bb7 11. Re1 Be7 12. Bf4 d6 13. Re2 0-0 14. Rd1 Re8 15. Re3 Kf8 16. Rg3 h6 17. Qc4 g5 18. h4 Kg7 19. Be3 Kh7 20. Qf7+ Kh8 21. hxg5 fxg5 22. Bd4+ Bf6 23. Bxf6+ 1-0